Ochrana predvádzky pri využití optického média na prenos informácií v sieti WDM

Enregistré dans:
Détails bibliographiques
Auteur principal: Dobiš, Tomáš (Auteur)
Autres auteurs: Róka, Rastislav, 1972- (Directeur de thèse)
Format: Manuscrit Livre
Langue:slovaque
Publié: Bratislava : STU v Bratislave FEI, 2008
Sujets:
Tags: Ajouter un tag
Pas de tags, Soyez le premier à ajouter un tag!

MARC

LEADER 00000ntm a22000003a 4500
001 stu169831
005 20160719165104.0
008 080918s2008------------------------slo-d
040 |a STU  |b slo 
041 0 |a slo 
100 1 |a Dobiš, Tomáš  |4 aut 
245 1 |a Ochrana predvádzky pri využití optického média na prenos informácií v sieti WDM 
260 |a Bratislava :  |b STU v Bratislave FEI,  |c 2008 
300 |a 68 s 
650 7 |a Telekomunikácie  |2 stusub 
700 1 |a Róka, Rastislav,  |d 1972-  |4 ths  |u E070  |U FEI Fakulta elektrotechniky a informatiky  |T FEI Ústav telekomunikácií  |X 1946  |U E070  |Y 818  |7 A000001946